000 00350nam a2200145Ia 4500
003 LK-CoDNM
008 010623t1914 xxu||||| |||| 00| 1 eng d
040 _aLK-CoDNM
_dLK-CoDNM
_eLK-CoDNM
041 _aeng
080 _a50
_bC10
245 _aThe national Monthly of Ceylon
260 _bAmicus
_aColombo
_c1914
300 _b78P., 20 cm
942 _cBK
999 _c88084
_d88084